00349nam a2200121Ia 4500003000400000005001700004008004100021040001800062041000800080100004300088245006200131260003400193OSt20260113093954.0211028s2011 xx 000 0 und d cAIMIT LIBRARY aeng aKumar K V, Ashok;Dhananjaya K.g916045 aFeasibility study on services of bill mail ID Mangalore / aMangalorebDhananjaya Kc2011